Statystyki dla Flagi państw nieuznawanych i terytoriów zależnych itp.

Kliknij tutaj aby rozwiązać quiz!

Ogólne statystyki

  • Ten quiz został rozwiązany 55 razy
  • Średni wynik to 29 z 75

Statystyki odpowiedzi

Odpowiedź% Poprawnych
Kosowo
98%
Palestyna
95%
Tajwan
93%
Cypr Północny
83%
Abchazja
78%
Grenlandia
78%
Naddniestrze
78%
Wyspy Owcze
73%
Gibraltar
71%
Guam
68%
Sahara Zachodnia
68%
Somaliland
66%
Górski Karabach
63%
Portoryko
61%
Wyspa Man
61%
Aruba
59%
Falklandy
59%
Osetia Południowa
59%
Wyspy Kokosowe
56%
Bermudy
54%
Brytyjskie Wyspy Dziewicze
54%
Nowa Kaledonia
54%
Jersey
51%
Polinezja Francuska
51%
Anguilla
49%
Curaçao
49%
Majotta
49%
Samoa Amerykańskie
49%
Wyspa Bożego Narodzenia
49%
Wyspy Cooka
49%
Gujana Francuska
46%
Kajmany
46%
Mariany Północne
46%
Niue
46%
Tokelau
46%
Wyspy Alandzkie
46%
Norfolk
44%
Montserrat
39%
Gwadelupa
37%
Pitcairn
37%
Brytyjskie Terytorium Oceanu Indyjskiego
34%
Reunion
34%
Svalbard
34%
Wyspy Dziewicze Stanów Zjednoczonych
34%
Bonaire
32%
Saba
32%
Sint Maarten
29%
Saint-Pierre i Miquelon
27%
Wyspa Świętej Heleny,Wyspa Wniebowstąpienia i Tristan da Cunha
27%
Martynika
24%
Georgia Południowa i Sandwich Południowy
22%
Saint-Martin
22%
Sint Eustatius
22%
Francuskie Terytoria Południowe i Antarktyczne
20%
Wallis i Futuna
20%
Jan Mayen
17%
Gagauzja
15%
Saint-Barthelemy
15%
Brytyjskie Terytorium Antarktyczne
10%
Midway
10%
Turks i Caicos
10%
Baker
7%
Jarvis
7%
Wake
7%
Wyspa Bouveta
7%
Guersney
5%
Wyspa Clippertona
5%
Wyspy Heard i McDonalda
5%
Akrotiri
2%
Dhekelia
2%
Howland
2%
Kingman
2%
Navassa
2%
Wyspy Ashmore i Cartiera
2%
Wyspy Morza Koralowego
2%

Rozkład punktacji

Percentyl według liczby udzielonych odpowiedzi

Procent ludzi z każdym wynikiem

Twoja historia wyników

Nie rozwiązałeś tego quizu